| 000 | 01114nam a22003737a 4500 | ||
|---|---|---|---|
| 001 | 0024551 | ||
| 003 | KOHA_MİRAKIL | ||
| 005 | 20260207002442.0 | ||
| 007 | ta | ||
| 008 | 130816b2003 tu |||gr||||#0|||0|tur | | ||
| 020 |
_a9755914595 _c15,64 |
||
| 040 |
_aTR-BiSEU _btur _cTR-BiSEU _erda |
||
| 041 | 0 | _atur | |
| 044 | _ctu | ||
| 050 |
_aTK5102.7 _b.H78 2003 |
||
| 100 | 1 | _a Hsu, Hwei. | |
| 245 | 1 |
_aTeori ve problemlerle analog ve sayısal iletişim/ _cHwei Hsu ; Hwei P. Hsu; çeviren Erkan Afacan. |
|
| 264 | 1 |
_aAnkara : _bNobel Yayın Dağıtım _c2003 |
|
| 300 | _a344 sayfa | ||
| 336 |
_ametin _btxt _2rdacontent |
||
| 337 |
_aaracısız _bn _2rdamedia |
||
| 338 |
_acilt _bnc _2rdacarrier |
||
| 490 | 1 | _aSchaum outline series. | |
| 490 | 1 |
_aYayın No ; _v480. |
|
| 500 | _aDizin var. | ||
| 650 | 0 |
_aTelekomünikasyon. _948145 |
|
| 650 | 0 |
_aTelecommunication. _912107 |
|
| 650 | 0 |
_aSayısal iletişim. _92672 |
|
| 650 | 0 |
_aDigital communications. _929027 |
|
| 830 | 1 |
_aSchaum outline series. _950012 |
|
| 830 | 1 |
_aYayın No ; _v480. _91861 |
|
| 907 | _aDers Kitabı | ||
| 942 |
_2lcc _cBK |
||
| 999 |
_c24502 _d24502 |
||